000 02100cam a2200313 4500500
005 20251228050230.0
041 _afre
042 _adc
100 1 0 _aPouzin, Jean-Michel
_eauthor
245 0 0 _aL'intégration de la réflexion logique kantienne dans la Doctrine de l'essence
260 _c2013.
500 _a79
520 _aParce que les concepts de réflexion de l’ Amphibolie sont intégrés aux déterminations de l’essence de la Logique objective, la réflexion kantienne, en tant que « comparaison logique », trouve une fonction spéculative dans les relations négatives de l’essence à elle-même. Le jugement de Foi et savoir, selon lequel cette réflexion appartient au dualisme d’entendement des « philosophies de la réflexion », ne peut plus alors garder la même signification. Nous nous proposons d’établir la réalité, les raisons et quelques conséquences de cette réinterprétation hégélienne.
520 _aThe Integration of Kantian Logic Reflection into the Doctrine of EssenceBecause the concepts of reflection of the Amphiboly are integrated into the determinations of the essence of Objective Logic, Kantian reflection, as a simple « logical comparison », finds a speculative function in negative relations of essence to itself. The judgment in Faith and Knowledge, i. e. that this reflection belongs to the dualism of understanding of the « philosophies of reflection », cannot therefore retain the same meaning. In this article, the reality, the reasons and some consequences of this Hegelian reinterpretation are established.
690 _aautoréférence
690 _acomparaison
690 _aessence
690 _aHegel
690 _aKant
690 _aréflexion
690 _acomparison
690 _aessence
690 _aHegel
690 _aKant
690 _areflection
690 _aself-reference
786 0 _nArchives de philosophie | 76 | 3 | 2013-07-25 | p. 459-482 | 0003-9632
856 4 1 _uhttps://shs.cairn.info/revue-archives-de-philosophie-2013-3-page-459?lang=fr&redirect-ssocas=7080
999 _c1580222
_d1580222